[Event "Charlesbourg Alekhine op"]
[Site "Charlesbourg"]
[Date "2004.09.06"]
[Round "1"]
[White "Champetier, Serge"]
[Black "Leclerc, Jean Francois"]
[Result "1-0"]
[WhiteElo "1973"]
[BlackElo "1481"]
[PlyCount "83"]
[EventDate "2004.09.06"]
[EventType "swiss"]
[EventRounds "5"]
[EventCountry "CAN"]
[SourceTitle "EXT 2006"]
[Source "ChessBase"]
[SourceDate "2005.11.24"]
[SourceVersion "1"]
[SourceVersionDate "2005.11.24"]
[SourceQuality "1"]

1. e4 c5 2. Nc3 Nc6 3. f4 d6 4. Nf3 e6 5. Bc4 a6 6. a4 Qc7 7. d3 Nf6 8. 0-0 Be7 9. Qe1 Nd7 10. e5 d5 11. Nxd5 exd5 12. Bxd5 Nb4 13. Bb3 Nf8 14. Qg3 Rg8 15. f5 Qb6 16. a5 Qa7 17. Kh1 Bxf5 18. Bxf7+ Kxf7 19. Ng5+ Ke8 20. Rxf5 Nxc2 21. Ra4 Nd4 22. Rf1 Nfe6 23. Qh3 Nxg5 24. Bxg5 Rf8 25. Raa1 Bxg5 26. Qh5+ g6 27. Qxg5 Kd7 28. e6+ Nxe6 29. Qd5+ Ke7 30. Rae1 Rxf1+ 31. Rxf1 Qb8 32. Re1 Qf8 33. Rxe6+ Kf7 34. Rb6+ Ke8 35. Qe5+ Kd8 36. Rd6+ Kc8 37. Qxc5+ Kb8 38. Kg1 Qe7 39. Kf1 Qc7 40. Qe5 Qc1+ 41. Kf2 Ka7 42. Qd4+ 1-0

[Event "Quebec Montcalm op 2 2002-03"]
[Site "Quebec"]
[Date "2002.11.14"]
[Round "5"]
[White "Leclerc, Jean Francois"]
[Black "Bourassa, Andre"]
[Result "1-0"]
[WhiteElo "1480"]
[BlackElo "1695"]
[PlyCount "57"]
[EventDate "2002.10.17"]
[EventType "swiss"]
[EventRounds "5"]
[EventCountry "CAN"]
[SourceTitle "EXT 2022"]
[Source "ChessBase"]
[SourceDate "2021.10.06"]
[SourceVersion "1"]
[SourceVersionDate "2021.10.06"]
[SourceQuality "1"]

1. e4 c5 2. Nf3 d6 3. d4 cxd4 4. Nxd4 Nf6 5. Nc3 a6 6. Bg5 e6 7. f4 Be7 8. Qf3 Qb6 9. 0-0-0 Nc6 10. Nb3 Bd7 11. Bxf6 gxf6 12. Nd2 Nd4 13. Nc4 Qc5 14. Qd3 e5 15. Ne2 b5 16. Ne3 Nxe2+ 17. Bxe2 Be6 18. Kb1 Rc8 19. f5 Bd7 20. Nd5 a5 21. c3 Bd8 22. Qg3 Bc6 23. Qg7 Rf8 24. Qxh7 b4 25. Bf3 Bb5 26. Bh5 bxc3 27. Bxf7+ Kd7 28. Be6+ Kc6 29. Qd7# 1-0